000 00654nab#a2200217#c#4500
999 _c53392
_d53392
003 IEF
005 20191203184133.0
008 950704s1976 uuu|| #####0 b| |u
040 _aIEF
_cES-MaIEF
100 1 _aDomingo Solans, Eugenio
_913341
245 _aLa reforma de la Hacienda Municipal por Flores de Lemus
_c Eugenio Domingo Solans
260 _c1976
650 4 _aESPAÑA
_941092
650 4 _aHACIENDAS MUNICIPALES
_945222
650 4 _aHACIENDAS LOCALES
_945217
650 4 _aFLORES DE LEMUS, ANTONIO (1876-1941)
_944347
773 0 _tHacienda pública española
_w34570
_g42-43, p. 229-264
942 _2udc
942 _2udc